| 000 | 00496nam a22001697a 4500 | ||
|---|---|---|---|
| 999 |
_c10276 _d10276 |
||
| 003 | AR-CdUCM | ||
| 008 | 190329b ||||| |||| 00| 0 spa d | ||
| 040 |
_aMUNICIPALIDAD PROVINCIAL DEL CUSCO _cBIBLIOTECA MUNICIPAL DEL CUSCO |
||
| 082 |
_aEP / 800 / _bC87 |
||
| 100 |
_aCrompton, Richmal _927043 |
||
| 245 | _aGuillermo y los pigneos / | ||
| 260 |
_aBarcelona : _bMolino, _c1960. |
||
| 300 |
_a253 páginas ; _c17 cm. |
||
| 650 |
_aObras literarias _9403 |
||
| 942 |
_2ddc _cLIBROS |
||
| 945 | _awfj | ||